000 00648nam a2200229Ia 4500
003 OSt
005 20220926012113.0
006 a|||||r|||| 00| 0
007 ta
008 220923b |||||||| |||| 00| 0 eng d
037 _cGeneral Book
040 _aRTL
_cRTL
_beng
041 _2eng
_aeng
082 _aY:37, L2
100 _aRoll Charles W
_9315514
245 0 _aPolls
_b Their use and misuse in politics
260 _aNew York
_bBasic Books
_c1972
300 _axiv,177p
_ccm.
700 _a Cantril Albert H
_9142862
942 _hY:37, L2
_cGB
_2CC
999 _c621702
_d621702